000 00775nas a2200229 4500
001 BR9502990
003 BR-BrBNA
005 20231205094037.0
007 ta
008 230509b bl.|||p| |||| 00| 00por d
040 _aBR-BrBNA
_bpor
_cBiblioteca Nacional de Agricultura
041 _a(Pt)
072 _aQ04
100 1 _aBenedet, H.D.
245 1 _aEnzimas coagulantes obtidas a partir da Endorthia parasitica, Mucor miehei e renina: diferenciacao em gel de agar-caseina
650 _aLeite
650 _aEnzima
650 _aComposicao de Alimento
773 0 _tBoletim do Centro de Pesquisa e Processamento de Alimentos (Brazil)
_xISSN 0102-0323
_g(Jan-Jun 1993), v. 11(1) p. 47-52
_wBR9502990
909 _a202311
_bLúcia
_c55
_dLúcia Elande
942 _2AGRIS
_n0
_cANA
999 _c141729
_d141729